Movilización del sistema nervioso

I tiakina i:
Ngā taipitopito rārangi puna kōrero
Kaituhi matua: Butler, David S (Author)
Hōputu: Pukapuka
Reo:Pāniora
I whakaputaina: Barcelona Paidotribo 2002
Putanga:1a. ed
Ngā marau:
Ngā Tūtohu: Tāpirihia he Tūtohu
Kāore He Tūtohu, Me noho koe te mea tuatahi ki te tūtohu i tēnei pūkete!

MARC

LEADER 00000nam a2200000 a 4500
001 UCK1806
003 CL-VaPUC
008 041126e20020000SP |||||||||||||||||spa|d
020 |a 8480196254 
082 0 4 |a 612.8  |b BUT  |2 21 
100 0 |a Butler, David S  |e author  |9 489703 
245 1 0 |a Movilización del sistema nervioso 
250 |a 1a. ed 
300 |a 266 p 
942 |c BK 
945 |d 20041126 00:00:00  |a cmena 
260 |a Barcelona  |b Paidotribo  |c 2002 
650 0 |a Sistema nervioso  |9 266815 
650 7 |a ENFERMEDADES DEL SISTEMA NERVIOSO  |2 CL-VaPUC  |9 269801 
650 0 |a Enfermedades neuromusculares  |9 342045 
650 0 |a Medicina clínica   |9 328118 
583 |a last modification  |c 20160907 01:42:49  |k Rodrigo Vera 
999 |c 311618  |d 311616 
952 |0 0  |1 0  |4 0  |6 612_800000000000000_BUT_2002  |7 0  |8 A  |9 381126  |a BIBCUR  |b BIBCUR  |d 2019-11-21  |i 4083768  |o 612.8 BUT 2002  |p 4083768  |r 2025-04-22  |w 2019-11-21  |y BK  |k KIN 
952 |0 0  |1 0  |4 0  |6 612_800000000000000_BUT_2002  |7 0  |8 A  |9 381127  |a BIBCUR  |b BIBCUR  |d 2019-11-21  |i 4083776  |o 612.8 BUT 2002  |p 4083776  |r 2025-04-22  |w 2019-11-21  |y BK  |k KIN 
952 |0 0  |1 0  |4 0  |6 612_800000000000000_BUT_2002  |7 0  |8 A  |9 381128  |a BIBCUR  |b BIBCUR  |d 2019-11-21  |i 4083784  |o 612.8 BUT 2002  |p 4083784  |r 2025-04-22  |w 2019-11-21  |y BK  |k KIN 
952 |0 0  |1 0  |4 0  |6 612_800000000000000_BUT_2002  |7 0  |8 A  |9 381129  |a BIBCUR  |b BIBCUR  |d 2019-11-21  |i 4083792  |o 612.8 BUT 2002  |p 4083792  |r 2025-04-22  |w 2019-11-21  |y BK  |k KIN 
952 |0 0  |1 0  |4 0  |6 612_800000000000000_BUT_2002  |7 0  |8 A  |9 381130  |a BIBCUR  |b BIBCUR  |d 2019-11-21  |i 1088769  |o 612.8 BUT 2002  |p 1088769  |r 2025-04-22  |w 2019-11-21  |y BK  |k KIN